| 000 | 00889nam a22002417a 4500 | ||
|---|---|---|---|
| 999 |
_c7355 _d7355 |
||
| 003 | AR-CdUCM | ||
| 008 | 190320b ||||| |||| 00| 0 spa d | ||
| 020 | _a968-16-3147-1 | ||
| 040 |
_aMUNICIPALIDAD PROVINCIAL DEL CUSCO _cBIBLIOTECA MUNICIPAL DEL CUSCO |
||
| 082 |
_a500 / _bR68 |
||
| 100 |
_aRius de Riepen, Magdalena _920723 |
||
| 245 | _aCalor y movimiento / | ||
| 260 |
_aMéxico : _bFondo de Cultura Económica, _c1989. |
||
| 300 |
_a106 paginas ; _c21 cm. |
||
| 440 |
_aLa ciencia _n85 _920724 |
||
| 505 | _aContenido :Los fenómenos naturales y el hombre -- Temperatura y termómetro -- Calor y trabajo -- Las reacciones químicas y el calor -- El efecto de invernadero ... | ||
| 650 |
_aMovimiento _91984 |
||
| 650 |
_aEstudio y enseñanza _92610 |
||
| 650 |
_aCiencias puras _920725 |
||
| 700 |
_aCastro Acuña, C. Mauricio _920726 |
||
| 942 |
_2ddc _cLIBROS |
||
| 945 | _arum | ||